Statistiques concernant Générateur de puzzle - Noël

Cliquez ici pour prendre le quiz!

Statistiques générales

  • Ce quiz a été pris 2 586 fois
  • Le résultat moyen est 8 sur 19

Statistiques - réponses

HintRéponses% Correct
Cadeau rêvé pour petit garçonTrain
77%
Moment de la journée généralement associé à NoëlNuit
71%
Santa lui préfère les toits pour garer son véhiculeRue
66%
Animal de la crècheÂne
59%
Les parents se ... vers les magasins avant NoëlRuent
55%
Traîneaux
53%
Action du Christ le jour de NoëlNaître
48%
Santa serait ... s'il devait payer tous ces cadeauxRuiné
42%
Période d'activité sexuelle, même pour les rennesRut
40%
Il faut ... les rênes pour guider les rennesTenir
40%
Nécessaire pour acheter les cadeaux (familier)Tune
38%
Ces enfants ... des cadeaux s'ils étaient sagesAuraient
36%
Ce que les mauvais garnements reçoivent de SantaRien
31%
De plus en plus utilisé pour l'achat des cadeaux{Intern}et
27%
Cadeaux idéals pour jardiniers amateurs?Râteaux
26%
Ne plus le faire pourrait être un cadeau du fisc...Taxer
25%
Ville piémontaise s'illuminant pour la Luci d'ArtistaTurin
24%
Dispute devant cesser pour recevoir ses cadeaux...Rixe
17%
Coutume, usageRite
12%

Distribution des résultats

Percentile par nombre de réponses

% des personnes avec chaque résultat

Votre développement - résultats

Vous n’avez pas pris ce quiz